000 00733nam a2200241 a 4500
001 BRCA_7902
005 20190320210038.0
008 170214s1954----mx-a######---#000-0#spa-#
041 _aspa
044 _amx
050 4 _aF1219.3.Ch6
_b.N64 1954
100 1 _aNoguera, Eduardo
_919544
245 1 0 _aLa cerámica arqueológica de Cholula
_cEduardo Noguera.
260 _aMéxico
_bGuarania
_c1954
300 _a315 p.
_bil. (algunas a color), mapas
_c25 cm.
500 _aY179
650 1 4 _aIndígenas de México
_xCerámica
_919545
650 1 4 _aIndígenas de México
_xArte
_919546
650 1 4 _aCerámica
_xHistoria
_zCholula, Puebla
_919547
651 4 _aCholula, Puebla
_xAntigüedades
_919548
902 _aGFM
942 _2lcc
_cB
999 _c7574
_d7574